<?xml version="1.0" encoding="UTF-8"?>
<collection xmlns="http://www.loc.gov/MARC21/slim">
 <record>
  <leader>00736nam a22001575a 4500</leader>
  <controlfield tag="001">EUN.um037182</controlfield>
  <controlfield tag="003">AR-BaUNS</controlfield>
  <controlfield tag="005">20050623122909.0</controlfield>
  <controlfield tag="008">041125s1980####it############000#0#spa#d</controlfield>
  <datafield tag="245" ind1="1" ind2="0">
   <subfield code="a">Código internacional recomendado de prácticas para el pescado congelado /</subfield>
   <subfield code="c">Organización de las Naciones Unidas para la Agricultura y la Alimentación.</subfield>
  </datafield>
  <datafield tag="260" ind1=" " ind2=" ">
   <subfield code="a">Roma :</subfield>
   <subfield code="b">Organización de las Naciones Unidas para la Agricultura y la Alimentación,</subfield>
   <subfield code="c">1980.</subfield>
  </datafield>
  <datafield tag="300" ind1=" " ind2=" ">
   <subfield code="a">64 p.</subfield>
  </datafield>
  <datafield tag="490" ind1="0" ind2=" ">
   <subfield code="a">Programa conjunto FAO/OMS sobre normas alimentarias. CAC/RCP 16-1978</subfield>
  </datafield>
  <datafield tag="082" ind1="0" ind2="4">
   <subfield code="a">664.9</subfield>
  </datafield>
  <datafield tag="110" ind1="2" ind2=" ">
   <subfield code="a">Organización de las Naciones Unidas para la Agricultura y la Alimentación</subfield>
   <subfield code="c">Roma.</subfield>
  </datafield>
  <datafield tag="859" ind1=" " ind2=" ">
   <subfield code="a">Ar-BaUNS</subfield>
   <subfield code="b">BIB. CENTRAL - Sector B</subfield>
   <subfield code="h">664.9</subfield>
   <subfield code="i">Or14-4</subfield>
   <subfield code="p">87875/981</subfield>
  </datafield>
 </record>
</collection>
